00568cam a2200157 4500008004100000020001500041035001200056100003500068245008600103250001100189260003200200300002200232504003000254650006800284650005800352090113s2007 mx 000 0 spa u a9687943961 aa4776621 aPérez Arce Ibarra, Francisco13aEl Principio 1968-1988 : baños de rebeldía / cFrancisco Pérez Arce Ibarra a1a ed. aMéxico, : bItaca, c2007 a203 p. ; c21 cm. aBibliografía p. 191-200 7aMovimientos sociales z México x Historia y Siglo XX 2Lemb 7aGuerrillas z México x Historia y Siglo XX 2Lemb